The criminogenic effects of imprisonment: evidence from state panel data, 1974-2002

Gespeichert in:  
Bibliographische Detailangaben
VerfasserInnen: Vieraitis, Lynne M. (Verfasst von) ; Kovandzic, Tomislav (Verfasst von) ; Marvell, Thomas B. (Verfasst von)
Medienart: Druck Aufsatz
Sprache:Englisch
Veröffentlicht: 2007
In: Criminology & public policy
Jahr: 2007, Band: 6, Heft: 3, Seiten: 589-622
Verfügbarkeit prüfen: HBZ Gateway
Schlagwörter:

MARC

LEADER 00000caa a22000002c 4500
001 1639130179
003 DE-627
005 20220608124143.0
007 tu
008 160223s2007 xx ||||| 00| ||eng c
035 |a (DE-627)1639130179 
035 |a (DE-576)455775974 
035 |a (DE-599)BSZ455775974 
040 |a DE-627  |b ger  |c DE-627  |e rakwb 
041 |a eng 
100 1 |a Vieraitis, Lynne M.  |4 aut 
245 1 4 |a The criminogenic effects of imprisonment: evidence from state panel data, 1974-2002  |c Lynne M. Vieraitis, Tomislav V. Kovandzic, Thomas B. Marvell 
264 1 |c 2007 
336 |a Text  |b txt  |2 rdacontent 
337 |a ohne Hilfsmittel zu benutzen  |b n  |2 rdamedia 
338 |a Band  |b nc  |2 rdacarrier 
700 1 |a Kovandzic, Tomislav  |0 (DE-588)131988573  |0 (DE-627)516474677  |0 (DE-576)298879425  |4 aut 
700 1 |a Marvell, Thomas B.  |4 aut 
773 0 8 |i In  |t Criminology & public policy  |d Hoboken, NJ : Wiley, 2001  |g 6(2007), 3, Seite 589-622  |w (DE-627)340873582  |w (DE-600)2065780-8  |w (DE-576)096705000  |x 1538-6473  |7 nnas 
773 1 8 |g volume:6  |g year:2007  |g number:3  |g pages:589-622 
776 1 |o 10.1111/j.1745-9133.2007.00456.x 
935 |a mkri 
951 |a AR 
ELC |b 1 
LOK |0 000 xxxxxcx a22 zn 4500 
LOK |0 001 3299411675 
LOK |0 003 DE-627 
LOK |0 004 1639130179 
LOK |0 005 20250409104022 
LOK |0 008 160208||||||||||||||||ger||||||| 
LOK |0 040   |a DE-21-110  |c DE-627  |d DE-21-110 
LOK |0 689   |a s  |a Freiheitsstrafe 
LOK |0 689   |a s  |a Haftentlassung 
LOK |0 689   |a s  |a Strafgefangene 
LOK |0 689   |a s  |a Wirkung 
LOK |0 689   |a s  |a Kriminalitätsrate 
LOK |0 689   |a s  |a Entwicklung 
LOK |0 852   |a DE-21-110 
LOK |0 852 1  |m p  |9 00 
LOK |0 935   |a k110 
LOK |0 938   |k p 
LOK |0 939   |a 08-02-16  |b l01 
ORI |a SA-MARC-krimdoka001.raw